000 00311nam a22001337a 4500
008 170925b xxu||||| |||| 00| 0 eng d
020 _a9781850918721
041 _aeng
080 _a37
100 _a46
101 _aEDU
245 _aSTORMING THE TOWER WOMENIN THE ACADEMIC WORLD
_cLIE,S.S
942 _2udc
_cBK
999 _c29589
_d29589